000 00553nam a2200217Ia 4500
003 OSt
005 20220928151113.0
006 a|||||r|||| 00| 0
007 ta
008 220927b |||||||| |||| 00| 0 eng d
024 _a114566
037 _cTextual
040 _aSDCL
_cSDCL
_beng
041 _2eng
_aeng
082 _aP, N1
100 _aBlock Bernard
_9503645
245 0 _aBhasha vigyan ki rooprekha
_b Outline of linguistics analysis.
260 _c1991
942 _hP, N1
_cTEXL
_2CC
999 _c849253
_d849253